000 00312nam a22001337a 4500
999 _c15359
_d15359
020 _a9788171305001
082 _a894.812 3
_bRAM/YA
100 _aRamakrishnan, Malayattoor
_93041
245 _aYakshi
260 _aKottayam
_bD.C Books
_c2017
300 _a175
650 _aMalayalam Fiction
_93040
942 _cBK